Čo na to akcionári ? U.S. Steel kapitálovo vstúpi do VSŽ, ale preberie len oceliarsku výrobu

Bibliographic Details
Main Author: Pittnerová, Žaneta (Author)
Corporate Authors: Východoslovenské železiarne (Košice, Slovensko) (Author), U.S.Steel (Košice, Slovensko) (Author)
Format: Article
Language:Slovak
Subjects:

MARC

LEADER 00000nab a2200000 a 4500
001 vtls000903696
003 SK-MaSNL
005 20260302172809.0
008 040720e20000327xo 0 slo
035 |a KE12655 
040 |a KEVKJB  |b slo  |c KEVKJB  |e AACR2 
041 0 |a slo 
044 |a xo  |c SK 
080 |a 669.1  |2 1981 
080 |a 339.727.22  |2 1981 
100 1 |a Pittnerová, Žaneta  |4 aut  |9 877619 
245 1 0 |a Čo na to akcionári ?  |b U.S. Steel kapitálovo vstúpi do VSŽ, ale preberie len oceliarsku výrobu 
610 2 7 |a Východoslovenské železiarne (Košice, Slovensko)  |2 KEVKJB 
610 2 7 |a U. S. Steel (Košice, Slovensko)  |2 KEVKJB  |9 656260 
610 2 7 |a Východoslovenské železiarne Holding (Košice, Slovensko)  |2 snkbucl  |9 29927 
650 0 7 |a zahraničné investície  |2 KEVKJB  |9 2650 
650 0 7 |a informácie  |2 KEVKJB  |9 1285 
651 7 |a Košice (Slovensko)  |2 KEVKJB  |9 18694 
651 7 |a KE,  |2 KEVKJB  |9 877256 
655 7 |a periodikum  |2 snkbucl  |9 29553 
710 2 |a Východoslovenské železiarne (Košice, Slovensko)  |4 aut 
710 2 |a U.S.Steel (Košice, Slovensko)  |4 aut  |9 877338 
773 0 8 |t Košický večer  |g Roč. 11  |g Roč. 32, č.60, 27.3.2000, s. 1,3 
852 |a ZVYKNI  |b KIS3GCP 
999 |c 1399720  |d 1401650